| 000 | 01051cam a22002411i 4500 | ||
|---|---|---|---|
| 001 | 81781 | ||
| 003 | BD-RjUL | ||
| 005 | 20230827121607.0 | ||
| 008 | 230827s1977 ii cf b 000 0 urdr | ||
| 035 | _a(BD-RjUL) | ||
| 040 |
_aDLC _cWaU _dDLC _beng |
||
| 041 | _aurd | ||
| 082 |
_223 _a352.23092 _bRIS 1977 |
||
| 100 | 1 |
_aRaz̤vi, Sayyid Masʻūd Ḥasan, _d1893-1975. _98601 |
|
| 245 | 1 | 0 |
_aسلطان عالم واجد على شاه : اىک تارىخى مرقع ;; / Sult̤ān-i ʻĀlam Vājid ʻAlī Shāh : ek tārīk̲h̲ī muraqqaʻ./ _cSayyid Masʻūd Ḥasan Riẓvī Adīb. ;; سىّد مسعود حسن رضوى ادىب |
| 260 |
_b Lakhnaʼū: _aآل انڈىا مىر اکاڈمى , Āl Inḍiyā Mīr Akāḍmī, Lakhnaʼū, _c1977. |
||
| 300 |
_a332 p., [1] leaf of plates : _bport. ; _c22 cm. |
||
| 500 | _aIn Urdu. | ||
| 504 | _aIncludes bibliographical references. | ||
| 600 | 0 | 0 |
_aWajid ʻAli Shah, _cKing of Oudh, _d1822-1887. _98602 |
| 651 | 0 |
_aOudh (Princely State) _xKings and rulers _vBiography. _98603 |
|
| 942 |
_2ddc _cBK |
||
| 999 |
_c81781 _d81781 |
||